书目信息 |
| 题名: |
中国古代语言学史
|
|
| 作者: | 何九盈 著 | |
| 分册: | ||
| 出版信息: | 北京 商务印书馆 2013 |
|
| 页数: | 27,616页 | |
| 开本: | 21cm | |
| 丛书名: | ||
| 单 册: | ||
| 中图分类: | H0-09 | |
| 科图分类: | ||
| 主题词: | 语言学史--yu yan xue shi--中国--古代 | |
| 电子资源: | ||
| ISBN: | 978-7-100-08325-6 | |
| 000 | 00856nam0 22002411 450 | |
| 001 | 1755138223 | |
| 005 | 20170605154310.89 | |
| 010 | @a978-7-100-08325-6@dCNY49.00 | |
| 100 | @a20140210d2013 em y0chiy50 ea | |
| 101 | 0 | @achi |
| 102 | @aCN@b110000 | |
| 105 | @aa z 001yd | |
| 106 | @ar | |
| 200 | 1 | @a中国古代语言学史@Azhong guo gu dai yu yan xue shi@f何九盈著 |
| 205 | @a4版 | |
| 210 | @a北京@c商务印书馆@d2013 | |
| 215 | @a27,616页@c照片@d21cm | |
| 330 | @a本书系统地论述了中国古代语言学在各个时期的发展,对古代语言学著作进行了客观深入的考订和评介。内容包括:先秦的语言研究、两汉语言学、魏晋南北朝语言学、隋唐宋语言学、元明语言学、清代语言学等。 | |
| 606 | 0 | @a语言学史@Ayu yan xue shi@y中国@z古代 |
| 690 | @aH0-09@v5 | |
| 701 | 0 | @a何九盈@Ahe jiu ying@f(1932~)@4著 |
| 801 | 0 | @aCN@bTANGWEI@c20170602 |
| 905 | @b0972165-7@dH0-09@e241=4@f3 | |
| 中国古代语言学史/何九盈著.-4版.-北京:商务印书馆,2013 |
| 27,616页:照片;21cm |
| ISBN 978-7-100-08325-6:CNY49.00 |
| 本书系统地论述了中国古代语言学在各个时期的发展,对古代语言学著作进行了客观深入的考订和评介。内容包括:先秦的语言研究、两汉语言学、魏晋南北朝语言学、隋唐宋语言学、元明语言学、清代语言学等。 |
| ● |
| 相关链接 |
|
|
|
|
正题名:中国古代语言学史
索取号:H0-09/241=4
 
预约/预借
| 序号 | 登录号 | 条形码 | 馆藏地/架位号 | 状态 | 备注 |
| 1 | 0972165 | 209721657 | 第二样本阅览室/ [索取号:H0-09/241=4] | 在馆 | |
| 2 | 0972166 | 209721666 | 密集书库-文学院/ [索取号:H0-09/241=4] | 在馆 | |
| 3 | 0972167 | 209721675 | 第四借阅区/ [索取号:H0-09/241=4] | 在馆 |